000 01215cam a22003254a 4500
001 15467446
005 20170105102920.0
008 051214s2005 enk b 001 0 eng
010 _a 2008431293
020 _a185065803X (pbk.)
020 _a1850658021 (casebound)
040 _aDLC
_cDLC
_dDLC
043 _aa-su---
050 0 0 _aDS244.52
_b.S28 2005b
245 0 0 _aSaudi Arabia in the balance :
_bpolitical economy, society, foreign affairs /
_cPaul Aarts, Gerd Nonneman, editors.
260 _aLondon :
_bHurst,
_cc2005.
300 _axvi, 462 p. ;
_c22 cm.
504 _aIncludes bibliographical references.
650 0 _aOpposition (Political science)
_zSaudi Arabia.
651 0 _aSaudi Arabia
_xPolitics and government
_y20th century.
651 0 _aSaudi Arabia
_xForeign relations.
651 0 _aSaudi Arabia
_xEconomic conditions
_y20th century.
700 1 _aAarts, Paul,
_d1949-
700 1 _aNonneman, Gerd.
856 4 1 _3Table of contents only
_uhttp://www.loc.gov/catdir/toc/fy0904/2008431293.html
906 _a7
_bcbc
_corigcop
_d2
_encip
_f20
_gy-gencatlg
942 _2ddc
_cBK
999 _c15559
_d15559